Biggest Metro Area by State - Statistics

General Stats
  • This quiz has been taken 78 times
  • The average score is 45 of 50
Answer Stats
State City Population % Correct
New York New York City 19,498,249
100%
Massachusetts Boston 4,919,179
99%
Illinois Chicago 9,262,825
99%
California Los Angeles 12,799,100
99%
Florida Miami 6,183,199
99%
Arizona Phoenix 5,070,110
99%
Washington Seattle 4,044,837
99%
Georgia Atlanta 6,307,261
97%
Colorado Denver 3,005,131
97%
Indiana Indianapolis 2,138,468
97%
Minnesota Minneapolis 3,712,020
97%
Alaska Anchorage 401,314
96%
Maryland Baltimore 2,834,316
96%
Alabama Birmingham 1,184,290
96%
Idaho Boise 824,657
96%
North Carolina Charlotte 2,805,115
96%
Texas Dallas 8,100,037
96%
Michigan Detroit 4,342,304
96%
Hawaii Honolulu 989,408
96%
Nevada Las Vegas 2,336,573
96%
Tennessee Nashville 2,102,573
96%
Louisiana New Orleans 962,165
96%
Oklahoma Oklahoma City 1,477,926
96%
Maine Portland 566,329
96%
Oregon Portland 2,508,050
96%
Utah Salt Lake City 1,267,864
96%
Pennsylvania Philadelphia 6,246,160
94%
Missouri St. Louis 2,796,999
94%
Ohio Cincinnati 2,271,479
91%
Iowa Des Moines 737,164
91%
Connecticut Hartford 1,151,543
91%
Mississippi Jackson 610,257
91%
Kentucky Louisville 1,365,557
91%
New Mexico Albuquerque 922,296
90%
Arkansas Little Rock 764,045
90%
Wisconsin Milwaukee 1,560,424
90%
Nebraska Omaha 983,969
90%
Rhode Island Providence 1,677,803
90%
North Dakota Fargo 262,620
88%
Virginia Virginia Beach 1,787,169
87%
Kansas Wichita 652,939
85%
Montana Billings 191,435
81%
Wyoming Cheyenne 100,984
78%
Delaware Dover 189,789
78%
New Jersey Trenton 381,671
78%
Vermont Burlington 227,942
76%
New Hampshire Manchester 427,354
76%
South Dakota Sioux Falls 304,555
76%
South Carolina Greenville 975,480
60%
West Virginia Huntington 368,261
48%
No matching quizzes found
Score Distribution
Percent of People with Each Score
Percentile by Number Answered
Your Score History
You have not taken this quiz